1869 1703 1802 1433 1625 1943 1978 1758 1174 1669 1832 1869 1227 1862 1233 1505 1811 1393 1592 1452 1633 1876 1869 1737 1505 1378 1922 1970 1316 1523 1575 1652 1235 1998 1871 1043 1845 1115 1553 1757 1258 1395 1382 1328 1195 1247 1880 1156 1945 1943 1604 1320 1906 1162 1288 1516 1054 1726 1275 1133 1907 1241 1281 1902 1552 1041 1831 1606 1798 1193 1687 1632 1620 1176 1413 1366 1691 1105 1005 1198 1853 1714 1602 1419 1087 1485 1322 1516 1476 1838 1002 1208 1812 1666 1321 1375 1103 1857 1409 BCNSPRNW ULIB Ver.6.0+V

เปลี่ยนเป็นภาษาไทย

Change to English
 แสดงรายละเอียดบรรณานุกรม
  กลับหน้าหลัก

Brief Record : Get Marc (ISO 2709) : E-mail record : QR code < ปิดหน้าต่าง
LEADER : 00000nam 2200000uu 4500
001    13399110251
003     ULIB
008    110427s2546||||th 000 0 tha d
020    9740406157
060  4 WM100^bส247ค 2546
100 0  สมภพ เรืองตระกูล
245 10 ความผิดปกติทางเพศ /^cสมภพ เรืองตระกูล
250    พิมพ์ครั้งที่ 1
260    กรุงเทพฯ :^bโรงพิมพ์เรือนแก้วการพิมพ์,^c2546
300    260 หน้า ;^c21 ซม
440  0 หนังสือชุดเรียนรู้เพื่อชีวิต เพื่อครอบครัวและสังคม ;^vชุดที่ 4
500    ดัชนี
504    เอกสารอ้างอิง: หน้า 248
650  2 Sex Disorders
650  2 Sexual and Gender Disorders
650  2 Sexual Dysfunctions, Psychological
650  4 ความผิดปกติทางเพศ
650  4 การเบี่ยงเบนทางเพศ
650  4 เพศศึกษา
710 2  มหาวิทยาลัยมหิดล.^bคณะแพทยศาสตร์ศิริราชพยาบาล
945    ^p240^l0^i017651
945    ^p240^l0^i016374
945    ^p240^l0^i016373
995    ทศพร
999 ^a ใช้งานได้ทุกระบบ
รายการนี้ยังไม่มีแท็ก
คุณยังไม่ได้ล็อกอิน คุณสามารถมีกิจกรรมร่วมกับเว็บไซต์ได้ แต่ต้องล็อกอินก่อน ::
  ล็อกอิน

รายการสื่อสารสนเทศ

ลำดับที่ ประเภท เลขเรียก/บาร์โค้ด สถานที่ สถานะ
- ไม่พบข้อมูล -

รายการใกล้เคียง
    ผู้แต่ง [สมภพ เรืองตระกูล]

    หัวเรื่อง [ความผิดปกติทางเพศ]
    หัวเรื่อง [เพศศึกษา]

BibComment


ยังไม่เคยถูกคอมเมนท์

คอมเมนท์ทรัพยากรรายการนี้
  คอมเมนท์: ความผิดปกติทางเพศ..


 Copyright 2026. Bcnsprnw @Library